000 00473nam a2200169Ia 4500
008 240729s9999 xx 000 0 und d
022 _a2520-8748
245 0 _aSustainable Earth Reviews
260 _aUnited Kingdom
260 _bBMC
650 _a Economic growth, development, planning
650 _a Industries. Land use. Labor
650 _aSocial Sciences
856 _uhttps://doaj.org/toc/fa44031a814144a1a22281d87dbc3496
942 _2ddc
942 _cDOAJEJ
999 _c74109
_d74109
945 _a1
_bMadushi Gamage
_c1
_dMadushi Gamage